| 000 | 01455nam a2200361Ia 4500 | ||
|---|---|---|---|
| 003 | GCL | ||
| 008 | 140319s9999 xx 000 0 ara d | ||
| 020 | _a5224110977 | ||
| 040 |
_aGCL / _cGCL |
||
| 082 | 0 | 4 |
_a001.5 _bا ا |
| 100 | 1 | _aابراهيم عبدالله المسلمى | |
| 245 | 1 | 0 |
_aالاعلام والمجتمع / _cابراهيم عبدالله المسلمى |
| 250 | _aالثانية | ||
| 260 |
_aالقاهرة : _bدار الفكر العربى ، _c2007 |
||
| 300 |
_a510 ص ؛ _c24 سم |
||
| 650 | 0 | 4 | _aالبطالة |
| 650 | 0 | 4 | _aالاعلان |
| 650 | 0 | 4 | _aالصحافة |
| 650 | 0 | 4 | _aوسائل الاعلام |
| 650 | 0 | 4 | _aالراى العام |
| 650 | 0 | 4 | _aوسائل الاعلام - الجوانب الاجتماعية |
| 650 | 0 | 4 | _aالتليفزيون التعليمى |
| 650 | 0 | 4 | _aالإنترنت - الأطفال |
| 650 | 0 | 4 | _aالمجتمعات المحلية |
| 650 | 0 | 4 | _aالمجتمعات الحضرية - التنمية السياسية |
| 650 | 0 | 4 | _aالمجتمعات الحضرية - التنمية الاقتصادية |
| 650 | 0 | 4 | _aالمجتمعات الحضرية - التنمية الثقافية |
| 650 | 0 | 4 | _aالمجتمعات الحضرية - التنمية الريفية |
| 650 | 0 | 4 | _aالصحف - قوانين وتشريعات |
| 650 | 0 | 4 | _aالصحفيون - حقوق مدنية |
| 650 | 0 | 4 | _aالصحف - الجوانب الاجتماعية |
| 942 |
_2ddc _cBK |
||
| 999 |
_c9644 _d9644 |
||